01485cam a2200409 4500001001400000005001700014008004100031020003100072035002800103035002700131035004100158040003000199041001300229044001100242072006500253080002600318080002300344080002300367100003600390240003300426245013300459246000900592250001500601264002900616300002300645336002600668337002900694338002900723500008100752655003900833655003300872655003500905655003800940655003200978655002601010700003901036vtls01193106620251113122551.0210906s2020 xo gr 000 f slo  a9788022210584q(viazané) aurn:nbn:sk:snk-am00fivm aurn:nbn:sk:snk-am3iuq9 aEEEAEBA0-40D8-4EFF-B360-F3BCAEDA48D9 aSKPKbslocSKPKdSNKerda1 asloheng axocSK 7a821.111-3xAnglická próza, anglicky písaná2konspekt a821.111(415)-3122011 a(0:82-311.6)22011 a(0:82-312.5)220111 aRiley, Lucinda,d1965-20214aut14aThe shadow sisterlSlovensky10aTieňová sestrabStarcLucinda Rileyová ; z anglického originálu The Shadow Sister ... preložila Mária Kočanová30aStar aVydanie I. 1aBratislavabTatranc2020 a491 stránc24 cm atextbtxt2rdacontent abez médiabn2rdamedia azväzokbnc2rdacarrier aObsahuje biografické údaje o autorke na záložke prebalu publikácie 7aírske romány (anglicky)2SNKPH 7ahistorické romány2SNKPH 7aľúbostné romány2SNKPH 7aIrish fiction (English)2SNKPHeng 7aHistorical novels2SNKPHeng 7aLove novels2SNKPHeng1 aKočanová, Mária,d1955-4trl